Geografía del mondo antico ad uso delle scuole superiori / (Record no. 160329)

MARC details
000 -LEADER
campo de control de longitud fija 00764nam a2200193 i 4500
001 - NÚMERO DE CONTROL
campo de control 160329
003 - IDENTIFICADOR DE NÚMERO DE CONTROL
campo de control ES-MaACL
005 - FECHA Y HORA DE LA ÚLTIMA TRANSACCIÓN
campo de control 20250814064714.0
008 - DATOS DE LONGITUD FIJA--INFORMACIÓN GENERAL
campo de control de longitud fija 040921s1877 gw |||| | ita d
040 ## - FUENTE DE CATALOGACIÓN
Centro catalogador/agencia de origen CAM
Lengua de catalogación spa
Centro/agencia transcriptor CAM
100 1# - ENTRADA PRINCIPAL--NOMBRE DE PERSONA
Nombre de persona Müller, A.C.
9 (RLIN) 130366
245 10 - MENCIÓN DEL TÍTULO
Título Geografía del mondo antico ad uso delle scuole superiori /
Mención de responsabilidad, etc. pubblicata del Dr. A.C. Müller ; versione dal tedesco con note del prof. Pietro Vittanovich.
260 ## - PUBLICACIÓN, DISTRIBUCIÓN, ETC.
Lugar de publicación, distribución, etc. Berlino :
Nombre del editor, distribuidor, etc. Carlo Habel ;
Lugar de publicación, distribución, etc. Verona e Padova :
Nombre del editor, distribuidor, etc. Drucker & Tedeschi,
Fecha de publicación, distribución, etc. 1877 (
Fabricante Tipografía J. Draeger)
300 ## - DESCRIPCIÓN FÍSICA
Extensión XVIII, 262 p. ;
Dimensiones 20 cm.
650 07 - PUNTO DE ACCESO ADICIONAL DE MATERIA--TÉRMINO DE MATERIA
Término de materia o nombre geográfico como elemento de entrada Geografía antigua
Fuente del encabezamiento o término embne
9 (RLIN) 136173
700 1# - ENTRADA AGREGADA--NOMBRE PERSONAL
Nombre de persona Vittanovich, Pietro.
9 (RLIN) 133800
852 ## - LOCALIZACIÓN
Ubicación ES-MaACL
Número de control de estantería F-8745
Nota libre -- Enc. pasta española
Holdings
Estatus retirado Estado de pérdida Estado de daño No para préstamo Colección Biblioteca de origen Biblioteca actual Ubicación en estantería Fecha de adquisición Fuente de adquisición Total de préstamos Signatura topográfica completa Código de barras Visto por última vez Precio de reemplazo Tipo de ítem Koha
        Libros del s. XIX Biblioteca del Ateneo de Madrid Biblioteca del Ateneo de Madrid Sala Pecera Planta 2 17/01/2008     F-8745 1167876 23/02/2023 23/02/2023 Libro impreso antiguo